Základy obchodního práva, práv průmyslových a práva soutěžního /

Hlavní autor: Bělohlávek, Alexander J., 1968-2024
Korporativní autor: Vysoká škola báňská - Technická univerzita Ostrava. Ekonomická fakulta
Jazyk: Čeština
Vydáno: Ostrava : Vysoká škola báňská - Technická univerzita Ostrava, 1995
Vydání: Dot.
Témata:
Fyzický popis: 123 s. ; 29 cm
Knihy
Uloženo v:
LEADER 01150nam a2200265 a 4500
001 000071845
003 CZ BrMZK
005 19960513143423.0
008 960701s1995 xr f cze d
020 |z 80-7078-230-7 
040 |a BOA001  |b cze 
080 |a 347.7(075.8)  |2 MRF 
080 |a 347.77(075.8)  |2 MRF 
100 1 |a Bělohlávek, Alexander J.,  |d 1968-2024  |7 mzk2002160908  |4 aut 
245 1 0 |a Základy obchodního práva, práv průmyslových a práva soutěžního /  |c Alexander Bělohlávek 
250 |a Dot. 
260 |a Ostrava :  |b Vysoká škola báňská - Technická univerzita Ostrava,  |c 1995 
300 |a 123 s. ;  |c 29 cm 
500 |a Určeno pro posl. 2. roč. fak. ekon. Vys. šk. báňské v Ostravě 
653 0 |a obchodní právo  |a průmyslové právo 
710 2 |a Vysoká škola báňská - Technická univerzita Ostrava.  |b Ekonomická fakulta  |7 kn20010709388 
910 |a BOA001  |b TK-A-0259.034 
990 |a BK 
996 7 |b 2620004174  |c TK-A-0259.034  |l MZK  |r Sklad / do 24 hodin  |n 0  |p kup  |w 000071845  |u 000010  |a 1  |e BOA001  |j MZK50  |s A 
996 7 |b 2620004175  |c TK-A-0259.034  |l MZK  |r Sklad / do 24 hodin  |n 0  |p kup  |w 000071845  |u 000020  |a 1  |e BOA001  |j MZK50  |s A